Najczęściej rozwiązywane quizy - Statystyki

Ogólne statystyki
  • Ten quiz został rozwiązany 8 razy
  • Średni wynik to 3 z 15
Statystyki odpowiedzi
Rozwiązania Quiz % Poprawnych
3 527 794 Państwa Świata
100%
1 828 620 Państwa Europy
50%
523 235 Państwa Afryki
38%
876 826 Flagi Europy
25%
595 879 Państwa Azji
25%
918 053 Stany USA
25%
471 711 Co to za logo?
13%
989 784 Stolice Europy
13%
1 754 605 12 miesięcy w 15 sekund
0%
553 435 Mapa świata bez 20 losowych państw
0%
623 714 Największe miasta w Polsce
0%
434 597 Państwa na literę F
0%
1 657 383 Policz jak najwyżej w 15 sekund
0%
619 166 Szybkie pisanie od A do Z
0%
565 442 Województwa Polski (z Mapą)
0%
Nie znaleziono quizów pasujących do podanych kryteriów
Rozkład punktacji
Procent ludzi z każdym wynikiem
Percentyl według liczby udzielonych odpowiedzi
Twoja historia wyników
Nie rozwiązałeś tego quizu